Diez años de lucha por la emancipación de la mujer /
sin resumen
Uloženo v:
| Hlavní autor: | |
|---|---|
| Médium: | Text |
| Jazyk: | Spanish |
| Témata: | |
| Tagy: |
Přidat tag
Žádné tagy, Buďte první, kdo vytvoří štítek k tomuto záznamu!
|
MARC
| LEADER | 00000 a a2200000 04500 | ||
|---|---|---|---|
| 001 | 17250 | ||
| 003 | cru IIS | ||
| 005 | 20211103134758.0 | ||
| 008 | 211103b |||||||| |||| 00| 0 spa d | ||
| 040 | |c cru IIS | ||
| 100 | 1 | |a Guido López, Lea | |
| 245 | 1 | |a Diez años de lucha por la emancipación de la mujer / |c Lea Guido López | |
| 500 | |a Colección Centroamérica | ||
| 520 | |a sin resumen | ||
| 650 | |a MUJERES | ||
| 650 | |a ORGANIZACIONES REVOLUCIONARIAS | ||
| 650 | |a ORGANIZACIONES FEMENINAS | ||
| 650 | |a PARTICIPACION DE LA MUJER | ||
| 650 | |a STATUS DE LA MUJER | ||
| 773 | |g número 5; páginas 63-78 | ||
| 773 | 0 | |0 43942 |9 6274 |a Nicaragua. |d Masaya, Nicaragua: Ministerio de Desarrollo Agropecuario y de Reforma Agraria. Centro de Investigación en Reforma Agraria |o MFN: 1721 |t Revolución y Desarrollo / | |
| 942 | |2 ddc |c PP | ||
| 999 | |c 30192 |d 30192 | ||
